[Event "Elit(Farsta-Rockaden,Sthlm)"]
[Site "?"]
[Date "2018.02.24"]
[Round "6"]
[White "Urkedal, Frode"]
[Black "Blomqvist, Erik"]
[Result "1/2-1/2"]
[WhiteElo "2572"]
[BlackElo "2502"]
[PlyCount "61"]
1. d4 Nf6 2. c4 e6 3. Nc3 Bb4 4. Qc2 c5 5. dxc5 O-O 6. Nf3 Na6 7. g3 Nxc5 8.
Bg2 b6 9. O-O Bb7 10. Nb5 Be4 11. Qd1 Nb7 12. a3 Be7 13. Bf4 Rc8 14. Rc1 a6 15.
Nc3 Bc6 16. b4 a5 17. Qb3 axb4 18. axb4 Nd6 19. Nb1 Ra8 20. Nbd2 Nde4 21. Nxe4
Bxe4 22. Nd4 Bxg2 23. Kxg2 Qc8 24. Nb5 Qb7+ 25. Kg1 d5 26. Rfd1 dxc4 27. Rxc4
Qa6 28. Nd4 b5 29. Rcc1 Rfc8 30. Qd3 Bxb4 31. Rxc8+ 1/2-1/2

[Event "Elit(Farsta-Rockaden,Sthlm)"]
[Site "?"]
[Date "2018.02.24"]
[Round "6"]
[White "Barkhagen, Jonas"]
[Black "Degerman, Lars"]
[Result "0-1"]
[WhiteElo "2425"]
[BlackElo "2449"]
[PlyCount "96"]
1. d4 Nf6 2. c4 g6 3. Nc3 d5 4. Bg5 Ne4 5. Bf4 Nxc3 6. bxc3 dxc4 7. e3 Be6 8.
Rb1 b6 9. Nf3 Bg7 10. Ng5 Bd5 11. e4 h6 12. exd5 hxg5 13. Qa4+ Kf8 14. Bxg5
Qxd5 15. Be3 Qe4 16. Rb2 c5 17. Qxc4 Nc6 18. Qd3 Qxd3 19. Bxd3 cxd4 20. cxd4
Rd8 21. O-O Bxd4 22. Bxd4 Nxd4 23. Ba6 Rh5 24. Rc1 Ra5 25. Bf1 Rd7 26. f4 e5
27. fxe5 Rxe5 28. g3 Nf3+ 29. Kg2 Ne1+ 30. Kf2 Nd3+ 31. Bxd3 Rxd3 32. Rc7 Re7
33. Rc4 Red7 34. Ra4 Ke7 35. Ke2 R3d4 36. Ra3 Re4+ 37. Kf3 Rc4 38. Ke3 f5 39.
Kf3 Rdc7 40. Re3+ Kf6 41. h4 Rc3 42. Rb3 Rxe3+ 43. Rxe3 Rc5 44. a3 Rc4 45. Kf2
b5 46. Rb3 a6 47. Re3 a5 48. Kf3 a4 0-1

[Event "Elit(Farsta-Rockaden,Sthlm)"]
[Site "?"]
[Date "2018.02.24"]
[Round "6"]
[White "Livner, Anders"]
[Black "Bator, Robert"]
[Result "1-0"]
[WhiteElo "2358"]
[BlackElo "2398"]
[PlyCount "49"]
1. c4 c6 2. Nf3 d5 3. g3 Bg4 4. Bg2 e6 5. cxd5 Bxf3 6. Bxf3 cxd5 7. O-O Nc6 8.
d4 Nf6 9. Nc3 Be7 10. e3 O-O 11. Bd2 Qd7 12. Rc1 Rfc8 13. Qe2 a6 14. Rfd1 Rc7
15. Bg2 Rac8 16. Qd3 Na5 17. Qb1 Nc4 18. Be1 h6 19. b3 Na3 20. Qb2 b5 21. Bf1
Ne4 22. Nxe4 Rc2 23. Nc5 R8xc5 24. Qxa3 R5c3 25. Rxc2 1-0

[Event "Elit(Limhamn-LASK)"]
[Site "?"]
[Date "2018.02.18"]
[Round "6"]
[White "Dragicevic, Drazen"]
[Black "Lindgren, Philip"]
[Result "0-1"]
[WhiteElo "2339"]
[BlackElo "2399"]
[PlyCount "110"]
1. Nf3 d5 2. g3 c6 3. Bg2 Bg4 4. c4 e6 5. Qb3 Qb6 6. Ne5 Bf5 7. d4 Nf6 8. c5
Qxb3 9. axb3 Nbd7 10. f4 Nxe5 11. fxe5 Be4 12. Bf3 Bxf3 13. exf3 Nd7 14. Nc3 a6
15. Bd2 f6 16. f4 Be7 17. Ke2 h5 18. Kd3 Kf7 19. Rae1 Rae8 20. Rhf1 Bd8 21. Ra1
Nf8 22. Nd1 Ng6 23. Ne3 Ne7 24. Ra4 Nf5 25. Ba5 Nxe3 26. Kxe3 Bxa5 27. Rxa5 Kg6
28. h3 Kf7 29. Ra4 f5 30. Rg1 Re7 31. Raa1 g6 32. Rg2 Kf8 33. Kd3 Ke8 34. Rag1
Rf7 35. Kc3 Kd7 36. Kb4 Kc7 37. Ka5 Rhh7 38. Rf1 Rh8 39. Kb4 Rhf8 40. Ka5 Rh8
41. g4 hxg4 42. hxg4 Rh3 43. gxf5 gxf5 44. Rg6 Re7 45. b4 Rh2 46. Rb1 Rd2 47.
Rg8 Rh2 48. Rbg1 Rxb2 49. R8g2 Rb3 50. Ka4 Rd3 51. Rg7 Rxg7 52. Rxg7+ Kb8 53.
Re7 Rxd4 54. Ka5 Ka7 55. b5 cxb5 0-1

[Event "Elit(Limhamn-LASK)"]
[Site "?"]
[Date "2018.02.18"]
[Round "6"]
[White "Haubro, Martin"]
[Black "Olsson, Linus"]
[Result "1-0"]
[WhiteElo "2306"]
[BlackElo "2229"]
[PlyCount "83"]
1. e4 c5 2. Nf3 d6 3. d4 cxd4 4. Nxd4 Nf6 5. Nc3 a6 6. Bg5 e6 7. f4 Qb6 8. Qd3
Nc6 9. Bxf6 gxf6 10. Nb3 h5 11. Be2 h4 12. O-O-O Bd7 13. Rhf1 O-O-O 14. f5 Ne5
15. Qh3 Bh6+ 16. Kb1 Bg5 17. Rd4 Kb8 18. a3 Ka8 19. Rfd1 Bc8 20. a4 Rhe8 21. a5
Qc7 22. Na4 Kb8 23. Rb4 exf5 24. Nd4 fxe4 25. Qb3 Nd7 26. Bxa6 Nc5 27. Qc4 Nxa4
28. Nc6+ Ka8 29. Nxd8 Qxc4 30. Bxc4 Rxd8 31. Rxa4 Bg4 32. Rd4 f5 33. a6 e3 34.
Bd5 e2 35. axb7+ Kb8 36. Ra8+ Kc7 37. Rc4+ Kb6 38. b8=Q+ Rxb8 39. Rxb8+ Ka5 40.
Re8 Bd2 41. h3 Bh5 42. Rxh4 1-0

[Event "Elit(Limhamn-LASK)"]
[Site "?"]
[Date "2018.02.18"]
[Round "6"]
[White "Jogstad, Martin"]
[Black "Schneider, Stefan"]
[Result "1/2-1/2"]
[WhiteElo "2309"]
[BlackElo "2401"]
[PlyCount "45"]
1. d4 Nf6 2. c4 e6 3. g3 Bb4+ 4. Bd2 Bxd2+ 5. Nxd2 Nc6 6. e3 d6 7. Ne2 O-O 8.
Bg2 e5 9. O-O exd4 10. Nxd4 Nxd4 11. exd4 d5 12. Re1 dxc4 13. Nxc4 c6 14. Qd2
Nd5 15. Ne3 Be6 16. Nxd5 Bxd5 17. Bxd5 Qxd5 18. Qb4 b6 19. Re5 Qd7 20. Re7 Qd5
21. Re5 Qd7 22. Re7 Qd5 23. Re5 1/2-1/2

[Event "Elit(Limhamn-LASK)"]
[Site "?"]
[Date "2018.02.18"]
[Round "6"]
[White "Hansen, Mads"]
[Black "Mauritsson, Sebastian"]
[Result "1-0"]
[WhiteElo "2396"]
[BlackElo "2330"]
[PlyCount "79"]
1. e4 e6 2. d4 d5 3. Nc3 Bb4 4. e5 c5 5. a3 Bxc3+ 6. bxc3 Ne7 7. Qg4 O-O 8. Bd3
f5 9. exf6 Rxf6 10. Bg5 Rf7 11. Qh5 g6 12. Qd1 Qa5 13. Bd2 Nbc6 14. Nf3 Qc7 15.
O-O e5 16. Nxe5 Nxe5 17. dxe5 Qxe5 18. Rb1 b6 19. a4 Bf5 20. a5 Qd6 21. Qc1
Bxd3 22. cxd3 bxa5 23. Qa3 Nc6 24. d4 Qf8 25. Qa4 Rc8 26. Rb5 cxd4 27. cxd4 Qd6
28. Rc5 Rcc7 29. Rfc1 Nd8 30. Bh6 Rcd7 31. Rc8 Qf6 32. f4 Qb6 33. h3 Qb4 34.
Qd1 Rfe7 35. Rb1 Qd6 36. Rbb8 Kf7 37. Bg5 Re8 38. Qg4 h5 39. Qd1 Rb7 40. Rxd8
1-0

[Event "Elit(Malmo-Eksjo)"]
[Site "?"]
[Date "2018.02.18"]
[Round "6"]
[White "Heberla, Bartlomiej"]
[Black "Jobava, Baadur"]
[Result "1/2-1/2"]
[WhiteElo "2559"]
[BlackElo "2690"]
[PlyCount "27"]
1. e4 c6 2. d4 d5 3. Nc3 dxe4 4. Nxe4 Bf5 5. Ng3 Bg6 6. h4 h6 7. Nf3 Nd7 8. h5
Bh7 9. Bd3 Bxd3 10. Qxd3 e6 11. Bd2 Ngf6 12. O-O-O Qc7 13. Ne4 Nxe4 14. Qxe4
1/2-1/2

[Event "Elit(Malmo-Eksjo)"]
[Site "?"]
[Date "2018.02.18"]
[Round "6"]
[White "Meier, Georg"]
[Black "Gdanski, Jacek"]
[Result "1-0"]
[WhiteElo "2647"]
[BlackElo "2458"]
[PlyCount "59"]
1. e4 e6 2. d4 d5 3. exd5 exd5 4. Nf3 c6 5. Bd3 Bd6 6. O-O Ne7 7. c4 O-O 8. Nc3
h6 9. Re1 Be6 10. c5 Bc7 11. Ne5 Nd7 12. Bf4 Nxe5 13. Bxe5 b6 14. Qc2 bxc5 15.
dxc5 Rb8 16. Bxc7 Qxc7 17. Ne2 Qe5 18. Qc3 Qxc3 19. bxc3 Rb2 20. Nd4 Rd2 21.
Ba6 Rb8 22. Nxe6 fxe6 23. Rxe6 Kf8 24. a4 Rbb2 25. Rf1 Ra2 26. Bb7 Rxa4 27.
Bxc6 Rc4 28. Bd7 Rxc3 29. Rfe1 Ng6 30. Rxg6 1-0

[Event "Elit(Malmo-Eksjo)"]
[Site "?"]
[Date "2018.02.18"]
[Round "6"]
[White "Ornstein, Axel"]
[Black "Grandelius, Nils"]
[Result "1/2-1/2"]
[WhiteElo "2342"]
[BlackElo "2647"]
[PlyCount "233"]
1. d4 Nf6 2. c4 e6 3. Nc3 Bb4 4. e3 O-O 5. Bd3 c5 6. Nge2 d5 7. cxd5 cxd4 8.
exd4 Qxd5 9. O-O Qh5 10. Ne4 Nxe4 11. Bxe4 Rd8 12. Qc2 h6 13. Rd1 Nc6 14. Nf4
Qg4 15. Be3 Bd6 16. h3 Qh4 17. d5 Nb4 18. Bh7+ Kh8 19. Qe4 Bxf4 20. Bxf4 Nxd5
21. Bc7 Qxe4 22. Bxe4 Rd7 23. Be5 b6 24. Bxd5 exd5 25. Rac1 Bb7 26. Rc2 Re8 27.
Bd4 Kh7 28. Rdc1 Ree7 29. Rc3 Ba6 30. Re3 Rxe3 31. fxe3 Bc4 32. b3 Bd3 33. Rc6
f6 34. a4 h5 35. Kf2 Kg6 36. b4 h4 37. g3 hxg3+ 38. Kxg3 Kf5 39. h4 Bc4 40. a5
bxa5 41. bxa5 a6 42. Bb6 Kg6 43. Rc7 Rd6 44. Bc5 Rd8 45. Re7 Bd3 46. Bb6 Rc8
47. Bc7 Be4 48. h5+ Kh6 49. Kh4 g5+ 50. hxg6 Kxg6 51. Kg3 Kf5 52. Rg7 Rh8 53.
Rg4 Rh1 54. Rf4+ Ke6 55. Bd8 Rg1+ 56. Kf2 Rg6 57. Bb6 Kd6 58. Bd4 f5 59. Rh4
Kc6 60. Rh2 Kb5 61. Bb6 Kc4 62. Ke2 Rg4 63. Kd2 Rg1 64. Ke2 Rg4 65. Rf2 Bd3+
66. Kd2 Rg1 67. Rf4+ Be4 68. Ke2 Rc1 69. Rf2 Ra1 70. Kd2 Kb3 71. Bc7 Kb4 72.
Bb6 Kc4 73. Re2 Rf1 74. Re1 Rf2+ 75. Re2 Rf3 76. Re1 Rh3 77. Rc1+ Kb3 78. Bc7
Rh7 79. Bd6 Rg7 80. Rc3+ Ka4 81. Ra3+ Kb5 82. Kc3 Rg6 83. Rb3+ Kxa5 84. Bc7+
Ka4 85. Rb4+ Ka3 86. Rb3+ Ka2 87. Rb2+ Ka1 88. Be5 Rg2 89. Rxg2 Bxg2 90. Kb3+
Kb1 91. Ka3 Bf1 92. Bf4 Bc4 93. Bg5 Kc2 94. Bh6 Kd3 95. Kb2 Ke4 96. Bg5 Kf3 97.
Bh6 Kg4 98. Ka3 Bb5 99. Bg7 Kf3 100. Bd4 Bd7 101. Ba7 Ke4 102. Kb2 a5 103. Bb6
a4 104. Ba7 Kd3 105. Bb6 Kc4 106. Ba7 Kb4 107. Bb6 a3+ 108. Ka1 Bb5 109. Ba7
Bc4 110. Bb6 Kc3 111. Ba7 Kd3 112. Bb6 d4 113. Bxd4 f4 114. exf4 Kxd4 115. f5
Ke5 116. f6 Kxf6 117. Kb1 1/2-1/2

[Event "Elit(Malmo-Eksjo)"]
[Site "?"]
[Date "2018.02.18"]
[Round "6"]
[White "Hillarp Persson, Tiger"]
[Black "Gajic, Mladen"]
[Result "1-0"]
[WhiteElo "2545"]
[BlackElo "2312"]
[PlyCount "59"]
1. c4 c5 2. g3 Nc6 3. Bg2 g6 4. Nc3 Bg7 5. Nf3 e6 6. d4 cxd4 7. Nb5 Nge7 8. Bf4
e5 9. Nd6+ Kf8 10. Bd2 Nf5 11. Nxf5 gxf5 12. e3 dxe3 13. fxe3 d5 14. cxd5 Qxd5
15. O-O e4 16. Ng5 h5 17. Qc2 Kg8 18. Rad1 h4 19. gxh4 Qxa2 20. Be1 Be6 21.
Nxe6 fxe6 22. Rd7 Qxb2 23. Qc4 Qf6 24. Bc3 Ne5 25. Rxg7+ Kxg7 26. Qc7+ Kg6 27.
Bxe5 Rhc8 28. h5+ Kxh5 29. Qxc8 Rxc8 30. Bxf6 1-0

[Event "Elit(Malmo-Eksjo)"]
[Site "?"]
[Date "2018.02.18"]
[Round "6"]
[White "Vernersson, Per"]
[Black "Agrest, Inna"]
[Result "0-1"]
[WhiteElo "2281"]
[BlackElo "2280"]
[PlyCount "80"]
1. d4 Nf6 2. c4 g6 3. Nc3 Bg7 4. e4 d6 5. Be2 O-O 6. Nf3 Nbd7 7. O-O e5 8. Qc2
Nh5 9. Rd1 c6 10. Rb1 Nf4 11. Bf1 Qf6 12. Be3 h6 13. d5 c5 14. Ne1 g5 15. f3
Qg6 16. g3 Nf6 17. Kh1 Nh3 18. Nd3 g4 19. Bxh3 gxh3 20. Nf2 Nh7 21. Qe2 f5 22.
Rg1 Rf7 23. Rbf1 Bd7 24. exf5 Qxf5 25. Nfe4 Qg6 26. g4 Raf8 27. Rg3 a6 28. Rf2
b5 29. Bc1 b4 30. Nd1 Bf6 31. Rxh3 Bg5 32. Be3 Bxg4 33. Nxg5 Nxg5 34. Rg3 Bxf3+
35. Rfxf3 Rxf3 36. Bxg5 Rxg3 37. hxg3 Qxg5 38. Kg2 h5 39. Nf2 h4 40. Ne4 Qg6
0-1

[Event "Elit(Malmo-Eksjo)"]
[Site "?"]
[Date "2018.02.18"]
[Round "6"]
[White "Bejtovic, Jasmin"]
[Black "Rothen, Hakan"]
[Result "1-0"]
[WhiteElo "2356"]
[BlackElo "2273"]
[PlyCount "97"]
1. Nf3 d5 2. g3 Nc6 3. d4 Bf5 4. Bg2 Nf6 5. O-O e6 6. c4 Be7 7. Nc3 O-O 8. Ne5
Nxe5 9. dxe5 Ng4 10. cxd5 exd5 11. Nxd5 c6 12. Ne3 Be6 13. Nxg4 Bxg4 14. Qc2
Qa5 15. Bf4 g5 16. Bd2 Qxe5 17. Bc3 Qe6 18. Be4 Qh6 19. Qa4 Be6 20. Qd4 f5 21.
Bc2 Bf6 22. Qc5 Bxc3 23. bxc3 Qf6 24. Rad1 Bf7 25. c4 b6 26. Qa3 Bxc4 27. Rd6
Qe5 28. Rxc6 b5 29. Bd3 Bxd3 30. exd3 Rf7 31. Qc1 Qg7 32. Rc5 Rb8 33. Re1 Qf6
34. Rc6 Qg7 35. Qc5 Rd8 36. Qxb5 Qd4 37. Rce6 Kg7 38. Re7 Qd5 39. Qb2+ Qd4 40.
Qb3 Qd5 41. Qc3+ Qd4 42. Qa5 Rd5 43. Qd2 Qf6 44. R7e6 Qd8 45. Qc3+ Rd4 46. Rc6
Rfd7 47. Ree6 Kf7 48. Rh6 Kg8 49. Rc8 1-0

[Event "Elit(Malmo-Eksjo)"]
[Site "?"]
[Date "2018.02.18"]
[Round "6"]
[White "Thornert, Hakan"]
[Black "Semcesen, Daniel"]
[Result "0-1"]
[WhiteElo "2211"]
[BlackElo "2481"]
[PlyCount "64"]
1. e4 e5 2. Nf3 Nc6 3. d4 exd4 4. Nxd4 g6 5. Nc3 Bg7 6. Be3 Nf6 7. Qd2 O-O 8.
O-O-O Re8 9. f3 d6 10. h4 h5 11. Bg5 Qd7 12. Bb5 a6 13. Bxc6 bxc6 14. Bh6 Bh8
15. g4 Rb8 16. Rdg1 d5 17. gxh5 Nxh5 18. exd5 cxd5 19. Rg5 Re5 20. f4 Rxg5 21.
hxg5 c5 22. Nb3 d4 23. Nxc5 Qc6 24. N3e4 Bf5 25. Re1 Qd5 26. b3 Rc8 27. Qe2
Bxe4 28. Nxe4 d3 29. Qg4 Rxc2+ 30. Kd1 Qd4 31. Nc3 Rc1+ 32. Kxc1 Qxc3+ 0-1

[Event "Elit(Malmo-Eksjo)"]
[Site "?"]
[Date "2018.02.18"]
[Round "6"]
[White "Lindahl, Jonas"]
[Black "Malesevic, Nedeljko"]
[Result "1/2-1/2"]
[WhiteElo "2080"]
[BlackElo "2250"]
[PlyCount "135"]
1. b3 d5 2. Bb2 c5 3. e3 Nc6 4. Bb5 Qc7 5. c4 e6 6. Nf3 a6 7. Bxc6+ Qxc6 8.
cxd5 exd5 9. d4 Nf6 10. dxc5 Bxc5 11. O-O O-O 12. Bd4 Bf5 13. Nbd2 Ba3 14. Nb1
Be7 15. Bb2 Qd7 16. Nbd2 Rac8 17. Nd4 Bd3 18. Re1 Bb4 19. a3 Bd6 20. N2f3 Be4
21. Rc1 Ng4 22. h3 Ne5 23. Nxe5 Bxe5 24. Qd2 Bb8 25. Ne2 Bf5 26. Qd4 f6 27.
Rxc8 Rxc8 28. Rc1 Rxc1+ 29. Bxc1 Be6 30. Qc5 Bd6 31. Qc3 Qe7 32. Nd4 Bd7 33. b4
Qe5 34. f4 Qe4 35. Qc2 Kf7 36. Qxe4 dxe4 37. Kf2 b6 38. Bd2 h5 39. h4 g6 40. g3
g5 41. Bc3 gxh4 42. gxh4 f5 43. Ke2 Be7 44. Be1 Bf6 45. Kd2 Ke7 46. Ne2 Ke6 47.
Nc3 Bc6 48. Kc2 Bd5 49. Nxd5 Kxd5 50. Kb3 Be7 51. a4 Bf6 52. Bf2 a5 53. bxa5
bxa5 54. Bg3 Bd8 55. Be1 Bb6 56. Bf2 Bc5 57. Kc3 Bb4+ 58. Kb3 Kc5 59. Bg3 Kd5
60. Bf2 Be7 61. Be1 Bc5 62. Bf2 Bd6 63. Bg1 Be7 64. Bf2 Bb4 65. Bg3 Bd2 66. Bf2
Kc5 67. Kc2 Bb4 68. Kb3 1/2-1/2

[Event "Elit(Limhamn-LASK)"]
[Site "?"]
[Date "2018.02.18"]
[Round "6"]
[White "Smith, Axel"]
[Black "Brynell, Stellan"]
[Result "1/2-1/2"]
[WhiteElo "2495"]
[BlackElo "2418"]
[PlyCount "154"]
[SourceDate "2018.02.24"]
1. d4 Nf6 2. Nf3 d5 3. e3 e6 4. c4 c5 5. a3 dxc4 6. Bxc4 a6 7. O-O b5 8. Be2
Bb7 9. a4 b4 10. Nbd2 Nbd7 11. b3 Be7 12. Bb2 O-O 13. Nc4 cxd4 14. exd4 Nd5 15.
g3 Nc3 16. Bxc3 bxc3 17. a5 Rb8 18. Qc2 Bb4 19. Rfd1 Nf6 20. Nfe5 Qd5 21. Bf3
Qb5 22. Be2 Qd5 23. Bf3 Qb5 24. Be2 Be4 25. Bd3 Bxd3 26. Nxd3 Nd5 27. Nxb4 Qxb4
28. Rdb1 Rfc8 29. Qd3 g6 30. Qc2 Rb5 31. h4 h5 32. Qd3 Kg7 33. Qe2 Rcb8 34.
Qe5+ Nf6 35. Qe2 Rd8 36. Qd3 e5 37. Ra4 Rxd4 38. Qc2 Qxa4 39. bxa4 Rxb1+ 40.
Qxb1 Rxc4 41. Qc2 Rc5 42. f4 exf4 43. gxf4 Rc7 44. f5 gxf5 45. Kf2 Ne4+ 46. Ke3
Rc5 47. Kd4 Kf6 48. Ke3 Rxa5 49. Qe2 Rc5 50. Qc2 a5 51. Kd4 Ke7 52. Ke3 Kd6 53.
Qd3+ Kc7 54. Qc2 Kc6 55. Kf4 f6 56. Ke3 Rc4 57. Kd3 Rb4 58. Qa2 Kd6 59. Qg8 Ke5
60. Qd8 Kf4 61. Qc7+ Kg4 62. Qxa5 Rb2 63. Qa7 Rd2+ 64. Ke3 Rd5 65. Qc7 Kxh4 66.
a5 Rc5 67. Qf4+ Kh3 68. Qf1+ Kg4 69. a6 c2 70. Qf4+ Kh3 71. Qf1+ Kh2 72. Qe2+
Kg3 73. Qf3+ Kh4 74. Qf4+ Kh3 75. Qf1+ Kh4 76. Qf4+ Kh3 77. Qf1+ Kg4 1/2-1/2

[Event "Elit(Limhamn-LASK)"]
[Site "?"]
[Date "2018.02.18"]
[Round "6"]
[White "Jepson, Christian"]
[Black "Tikkanen, Hans"]
[Result "1/2-1/2"]
[WhiteElo "2410"]
[BlackElo "2517"]
[PlyCount "191"]
1. d4 d5 2. Nf3 Nf6 3. c4 c6 4. Nc3 dxc4 5. a4 Bf5 6. e3 e6 7. Bxc4 Bb4 8. O-O
O-O 9. Qe2 Bg4 10. h3 Bh5 11. Rd1 Nbd7 12. e4 Qe7 13. g4 Bg6 14. Bg5 e5 15. d5
h6 16. Bh4 Bh7 17. a5 a6 18. dxc6 bxc6 19. Bxa6 Nc5 20. Bc4 Bxa5 21. Qe3 Bb6
22. Rxa8 Rxa8 23. g5 hxg5 24. Qxg5 Re8 25. Qg2 Ncxe4 26. Nxe4 Bxe4 27. Re1 Qb4
28. Bxf7+ Kxf7 29. Ng5+ Kg8 30. Rxe4 Nxe4 31. Nxe4 Bd8 32. Qg6 Qf8 33. Bxd8
Rxd8 34. Kg2 Qf7 35. Qxc6 Rf8 36. Kg1 Qf5 37. Qd5+ Kh8 38. Qd3 Qg6+ 39. Kh2 Qf5
40. Kg2 Qg6+ 41. Kh2 Rf4 42. f3 Rf8 43. Qe2 Rc8 44. Qd2 Qf5 45. Kg3 Rf8 46. Qd3
Qf4+ 47. Kg2 Rc8 48. b3 Qc1 49. Nf2 Qg5+ 50. Ng4 Rd8 51. Qe4 Rd2+ 52. Kg3 Rd4
53. h4 Qf4+ 54. Qxf4 exf4+ 55. Kh3 Rd3 56. Ne5 Re3 57. Nf7+ Kh7 58. Kg4 Rxb3
59. Ng5+ Kh6 60. Ne6 Kg6 61. Nxf4+ Kf6 62. Nh5+ Kf7 63. Nf4 Rb1 64. Nh3 Kf6 65.
Kg3 Kf5 66. Kg2 Rb4 67. Kg3 Ke5 68. Ng5 Ra4 69. Ne4 Ra1 70. Ng5 Ra4 71. Ne4 Ra6
72. Ng5 Kd4 73. Kg4 Ke3 74. f4 Kd4 75. Nf3+ Ke4 76. Ng5+ Kd5 77. h5 Kd6 78. Kf5
Ke7 79. Ne4 Kf7 80. Ng5+ Kg8 81. Kg4 Ra5 82. Kh4 Ra1 83. Kg4 Rh1 84. Nf3 Kf7
85. Kg5 Rf1 86. Ne5+ Ke6 87. Ng4 Rg1 88. f5+ Kd5 89. f6 gxf6+ 90. Kxf6 Rxg4 91.
h6 Rh4 92. Kg7 Ke6 93. h7 Rg4+ 94. Kf8 Rh4 95. Kg7 Rxh7+ 96. Kxh7 1/2-1/2

[Event "Elit(Limhamn-LASK)"]
[Site "?"]
[Date "2018.02.18"]
[Round "6"]
[White "Cuenca Jimenez, Jose"]
[Black "Hector, Jonny"]
[Result "1-0"]
[WhiteElo "2489"]
[BlackElo "2496"]
[PlyCount "79"]
1. d4 d5 2. c4 c6 3. Nf3 Nf6 4. e3 Bf5 5. Nc3 e6 6. Bd3 Bg6 7. Qe2 Be7 8. O-O
Nbd7 9. e4 O-O 10. Rd1 dxc4 11. Bxc4 b5 12. Bd3 b4 13. Na4 Qa5 14. b3 e5 15.
Bb2 exd4 16. e5 Nd5 17. Bxg6 fxg6 18. Nxd4 Rac8 19. Rac1 Nb8 20. g3 Nb6 21. Ne6
Nxa4 22. bxa4 Rfe8 23. Qc4 Kh8 24. Qd4 Bf8 25. Ng5 Qc7 26. Qc4 h6 27. Nf7+ Kh7
28. Nd6 Bxd6 29. Rxd6 c5 30. Rcd1 Qe7 31. e6 Rc7 32. h4 Qf8 33. h5 gxh5 34.
Qe4+ Kg8 35. Qg6 c4 36. Be5 Nc6 37. Bf4 c3 38. Rd7 c2 39. Qxc2 Rcc8 40. Rf7 1-0

[Event "Elit(Limhamn-LASK)"]
[Site "?"]
[Date "2018.02.18"]
[Round "6"]
[White "Johansson, Linus"]
[Black "Antonsen, Mikkel"]
[Result "1/2-1/2"]
[WhiteElo "2452"]
[BlackElo "2447"]
[PlyCount "38"]
1. Nf3 d5 2. b3 Nf6 3. Bb2 e6 4. e3 Be7 5. Be2 O-O 6. O-O c5 7. c4 Nc6 8. cxd5
Nxd5 9. d4 cxd4 10. Nxd4 Nxd4 11. Bxd4 b6 12. Nc3 Bb7 13. Nxd5 Bxd5 14. h3 Qd7
15. Bf3 Rfd8 16. Rc1 Bf8 17. Be5 Bxf3 18. Qxf3 Qd5 19. Bd4 Qxf3 1/2-1/2

[Event "Elit(LASK-Eksjo)"]
[Site "?"]
[Date "2018.02.17"]
[Round "5"]
[White "Vernersson, Per"]
[Black "Mauritsson, Sebastian"]
[Result "1-0"]
[WhiteElo "2281"]
[BlackElo "2330"]
[PlyCount "115"]
1. d4 Nf6 2. c4 g6 3. Nc3 Bg7 4. e4 d6 5. Be2 O-O 6. Nf3 e5 7. O-O exd4 8. Nxd4
Re8 9. f3 Nc6 10. Be3 Nh5 11. Qd2 Nf4 12. Bxf4 Nxd4 13. Bg5 Nxe2+ 14. Nxe2 f6
15. Bh4 Be6 16. Rac1 Qd7 17. Rfe1 Qf7 18. b3 f5 19. exf5 Bxf5 20. Nc3 h6 21.
Bf2 b6 22. Bd4 Bd7 23. Bxg7 Qxg7 24. Qd5+ Kh7 25. Qd2 Bc6 26. Nd5 Rxe1+ 27.
Rxe1 Re8 28. Rxe8 Bxe8 29. Qf4 g5 30. Qf5+ Kh8 31. Nf6 Qe7 32. Kf2 Kg7 33. Nd5
Qd8 34. Qe4 Bc6 35. Qd4+ Kf7 36. Qd3 Bxd5 37. Qh7+ Ke8 38. Qh8+ Ke7 39. Qxd8+
Kxd8 40. cxd5 Ke7 41. Ke3 Kf6 42. Ke4 h5 43. g3 Kg6 44. h3 Kf6 45. g4 hxg4 46.
hxg4 Kg6 47. f4 Kf6 48. fxg5+ Kxg5 49. Kf3 Kg6 50. Kf4 Kf6 51. g5+ Kg6 52. Kg4
Kg7 53. Kf5 Kf7 54. g6+ Kg7 55. Kg5 Kg8 56. Kf6 Kf8 57. g7+ Kg8 58. Kg6 1-0

[Event "Elit(LASK-Eksjo)"]
[Site "?"]
[Date "2018.02.17"]
[Round "5"]
[White "Dragicevic, Drazen"]
[Black "Rothen, Hakan"]
[Result "1/2-1/2"]
[WhiteElo "2339"]
[BlackElo "2273"]
[PlyCount "80"]
1. Nf3 d5 2. g3 Nc6 3. d4 Bg4 4. Nbd2 Nf6 5. Bg2 e6 6. O-O Be7 7. c4 O-O 8. Ne5
Bh5 9. Ndf3 Nxe5 10. Nxe5 c6 11. Qc2 Nd7 12. Nf3 Bg6 13. Qb3 Qb6 14. Qa4 dxc4
15. Qxc4 Be4 16. Bh3 Bxf3 17. exf3 Nf6 18. f4 g6 19. Rd1 Rad8 20. Be3 Nd5 21.
Rab1 Qb4 22. Qxb4 Bxb4 23. Bg2 Rd7 24. Rd3 Rfd8 25. a3 Bf8 26. b4 a6 27. Rdb3
Nb6 28. Rd3 Bg7 29. Rbd1 Nc4 30. Rc3 Nd6 31. a4 Nf5 32. Kf1 Kf8 33. b5 cxb5 34.
axb5 axb5 35. Rb3 Nxd4 36. Rbb1 f5 37. Rd2 Kf7 38. Ra2 Rc8 39. Rd2 Rcd8 40. Ra2
Rc8 1/2-1/2

[Event "Elit(LASK-Eksjo)"]
[Site "?"]
[Date "2018.02.17"]
[Round "5"]
[White "Thornert, Hakan"]
[Black "Jogstad, Martin"]
[Result "0-1"]
[WhiteElo "2211"]
[BlackElo "2309"]
[PlyCount "120"]
1. e4 c5 2. Nf3 e6 3. Nc3 Nc6 4. d4 cxd4 5. Nxd4 Qc7 6. Be3 a6 7. Bd3 Nf6 8.
O-O h5 9. h3 b5 10. Nxc6 Qxc6 11. a3 Bb7 12. Re1 Rd8 13. Bd4 Bc5 14. Bxc5 Qxc5
15. e5 Qc6 16. Bf1 Nd5 17. Ne4 f6 18. Nd6+ Ke7 19. Nxb7 Qxb7 20. Qd4 Rc8 21.
exf6+ Nxf6 22. Qb4+ Kf7 23. c4 Rb8 24. cxb5 axb5 25. Rad1 d5 26. Rc1 Qb6 27.
Bd3 Rb7 28. Rc5 Qd6 29. Rec1 Nd7 30. Rxb5 Qxb4 31. Rxb4 Rxb4 32. axb4 Rb8 33.
b5 Ke7 34. f4 Rb7 35. Kf2 e5 36. fxe5 Nxe5 37. Be2 Kd6 38. b4 d4 39. Rd1 Kd5
40. Rc1 d3 41. Rc5+ Kd4 42. Bxh5 Nc4 43. Bf3 Ra7 44. h4 Ra2+ 45. Kg3 d2 46. Rg5
Ra3 47. Rd5+ Kc3 48. Kf4 Kc2 49. Kg5 Re3 50. Bh5 Rg3+ 51. Kf4 Rxg2 52. Rc5 Kb3
53. Rxc4 Kxc4 54. b6 Kc3 55. b7 Rf2+ 56. Kg5 Rf8 57. Kg6 Rb8 58. Kxg7 Rxb7+ 59.
Kh6 Rxb4 60. Kg5 Rb5+ 0-1

[Event "Elit(LASK-Eksjo)"]
[Site "?"]
[Date "2018.02.17"]
[Round "5"]
[White "Olsson, Linus"]
[Black "Malesevic, Nedeljko"]
[Result "1/2-1/2"]
[WhiteElo "2229"]
[BlackElo "2250"]
[PlyCount "81"]
1. d4 d5 2. c4 e6 3. Nf3 Nf6 4. g3 Be7 5. Bg2 O-O 6. O-O Ne4 7. Ne1 c6 8. b3 b5
9. f3 Nf6 10. c5 e5 11. dxe5 Bxc5+ 12. Kh1 Nfd7 13. Bb2 Re8 14. f4 f6 15. Nd3
Be3 16. Nd2 Bb7 17. b4 a5 18. a3 axb4 19. axb4 Rxa1 20. Bxa1 Na6 21. Nf3 fxe5
22. Nfxe5 Nxe5 23. Bxe5 Qe7 24. Qa1 c5 25. bxc5 Nxc5 26. Nxc5 Bxc5 27. Bf3 d4
28. h4 Bxf3+ 29. Rxf3 Qe6 30. Kh2 Qd5 31. Qa5 Bd6 32. Qa7 Bxe5 33. fxe5 h6 34.
Rf5 b4 35. Qb6 Qe6 36. Qb5 b3 37. Rf3 Qxe5 38. Qxb3+ Kh8 39. Rf2 Qd6 40. Qf7
Qe5 41. Qf3 1/2-1/2

[Event "Elit(Malmo-Limhamn)"]
[Site "?"]
[Date "2018.02.17"]
[Round "5"]
[White "Brynell, Stellan"]
[Black "Meier, Georg"]
[Result "1/2-1/2"]
[WhiteElo "2418"]
[BlackElo "2647"]
[PlyCount "109"]
[SourceDate "2018.02.24"]
1. d4 e6 2. Nf3 Nf6 3. c4 Bb4+ 4. Bd2 Bxd2+ 5. Qxd2 O-O 6. g3 d6 7. Bg2 Nc6 8.
Nc3 e5 9. O-O Bg4 10. dxe5 Nxe5 11. Nxe5 dxe5 12. Qxd8 Rfxd8 13. Rfd1 c6 14.
Kf1 Kf8 15. Ke1 Be6 16. b3 Ke7 17. Rxd8 Rxd8 18. Rd1 Rh8 19. h4 a5 20. e3 Nd7
21. Na4 h6 22. Kd2 f5 23. f4 Rg8 24. Ke2 e4 25. g4 g5 26. hxg5 hxg5 27. gxf5
Bxf5 28. Rd4 c5 29. Rxd7+ Bxd7 30. Nxc5 Bg4+ 31. Kf2 gxf4 32. exf4 Bf5 33. Bxe4
b6 34. Bd5 Rh8 35. Na4 Rh2+ 36. Ke3 Bb1 37. Nxb6 Bxa2 38. c5 Bxb3 39. Bxb3 Rh3+
40. Kd4 Rxb3 41. Kd5 Rb4 42. Nc4 a4 43. f5 Rb3 44. c6 Rb5+ 45. Kd4 Kd8 46. f6
Kc7 47. Kc3 Kxc6 48. f7 Rb3+ 49. Kc2 Rb8 50. Ne5+ Kc7 51. Ng6 a3 52. f8=Q Rxf8
53. Nxf8 a2 54. Kb2 a1=Q+ 55. Kxa1 1/2-1/2

[Event "Elit(Malmo-Limhamn)"]
[Site "?"]
[Date "2018.02.17"]
[Round "5"]
[White "Grandelius, Nils"]
[Black "Johansson, Linus"]
[Result "1/2-1/2"]
[WhiteElo "2647"]
[BlackElo "2452"]
[PlyCount "144"]
1. d4 Nf6 2. c4 e6 3. g3 Bb4+ 4. Nd2 Ne4 5. Bg2 Nxd2 6. Bxd2 Qe7 7. Nf3 O-O 8.
O-O Bxd2 9. Qxd2 d6 10. Rac1 Nc6 11. d5 Nb8 12. dxe6 Bxe6 13. Nd4 Bc8 14. Rfd1
Nd7 15. Nf5 Qf6 16. Ne3 Re8 17. b4 a5 18. c5 dxc5 19. Nd5 Qd6 20. bxc5 Nxc5 21.
Qc3 Na6 22. Qxa5 Qf8 23. Bf3 h6 24. h4 Be6 25. Nxc7 Nxc7 26. Qxc7 Re7 27. Qb6
Bxa2 28. Ra1 Ra6 29. Qb4 b6 30. Rd4 Re8 31. Qb2 Qc5 32. Bd5 Bxd5 33. Rxa6 Rxe2
34. Qxe2 Qxd4 35. Ra3 Be4 36. Re3 f5 37. f3 f4 38. gxf4 Bf5 39. Kg2 Qxf4 40.
Re8+ Kh7 41. Qe5 Qxe5 42. Rxe5 Bd3 43. Re6 b5 44. Kg3 Kg8 45. Kf4 Kf7 46. Ke5
Be2 47. f4 Bd3 48. Rd6 Bc4 49. Rd7+ Kg8 50. Kf5 Kh7 51. Rb7 Bf1 52. Ke6 Bc4+
53. Ke7 Kg6 54. Kf8 h5 55. Rd7 Kf5 56. Rd4 Kf6 57. Rd2 g6 58. Rd4 Bb3 59. Rd6+
Kf5 60. Kg7 Bc2 61. Rxg6 Kxf4 62. Rg5 b4 63. Rxh5 b3 64. Rb5 Ke3 65. h5 Kd2 66.
h6 Kc3 67. Rc5+ Kd2 68. Rd5+ Kc1 69. Rc5 b2 70. Rb5 b1=Q 71. Rxb1+ Kxb1 72. h7
Bxh7 1/2-1/2